000 00852nam a2200289Ia 4500
003 GCL
005 20240530101829.0
008 140319s9999 xx 000 0 ara d
040 _aGCL /
_cGCL
082 0 4 _a320.37
_bع ت
100 1 _aعبدالمنعم المشاط
245 1 0 _a0000000000
_cعبدالمنعم المشاط
260 _a[S.N] :
_bدار سعاد الصباح ،
_c1992
300 _a216 ص
490 _aدراسات فى التربية
_v0
650 0 4 _aالاسرة
650 0 4 _aالتربية
650 0 4 _aالسياسة
650 0 4 _aالاجتماع
650 0 4 _aالجيش
650 0 4 _aالتنمية السياسية
650 0 4 _aالتنشئة السياسية
650 0 4 _aالنظائر
650 0 4 _aوسائل الاتصال
650 0 4 _aمراحل نمو الانسان
942 _2ddc
_cBK
999 _c28026
_d28026